| 000 | 01155pam a2200325 a 4500 | ||
|---|---|---|---|
| 001 | 1597653 | ||
| 003 | ARRUPE | ||
| 005 | 20160323152325.0 | ||
| 008 | 940629s1994 njuab b 001 0 eng | ||
| 010 | _a 94028814 | ||
| 020 | _a0865434328 | ||
| 020 | _a0865434336 (pbk.) | ||
| 040 |
_aDLC _cDLC _dDLC |
||
| 043 | _af------ | ||
| 050 | 0 | 0 |
_aHV640.4.A35 _bW48 1994 |
| 082 | 0 | 0 |
_a362.87/096 _220 |
| 245 | 0 | 0 |
_aWhen refugees go home : _bAfrican experiences / _cedited by Tim Allen & Hubert Morsink. |
| 250 | _a1st American ed. | ||
| 260 |
_aTrenton, N.J. : _bAfrica World Press, _c1994. |
||
| 300 |
_axiii, 305 p. : _bill., maps ; _c24 cm. |
||
| 504 | _aIncludes bibliographical references and index. | ||
| 650 | 0 |
_aRefugees _zAfrica. _99212 |
|
| 650 | 0 |
_aRepatriation _zAfrica. _923329 |
|
| 650 | 0 |
_aReturn migration _zAfrica. _923330 |
|
| 700 | 1 |
_aAllen, Tim, _d1956- _923331 _eed. |
|
| 700 | 1 |
_aMorsink, Hubert. _923332 _eed. |
|
| 906 |
_a7 _bcbc _corignew _d1 _eocip _f19 _gy-gencatlg |
||
| 942 |
_2lcc _cMONOGRAPH |
||
| 999 |
_c124475 _d124475 |
||